000
00338nam a2200145Ia 4500
005
20250405111142.0
008
240331s9999 xx 000 0 und d
082
_b
SIV
_a
894
100
_a
Sivam, K
245
0
_a
Velloddam
260
_a
Jaffna
_b
Yal. Ilakkiya Vaddam
_c
1986
300
_a
72 p .,
500
_a
Two Short Novels
942
_c
L
999
_c
4216
_d
4216